Cost Accounting: Managerial Emphasis. (Record no. 6062)

MARC details
005 - DATE AND TIME OF LATEST TRANSACTION
control field 20250628144234.0
020 ## - INTERNATIONAL STANDARD BOOK NUMBER
International Standard Book Number 97801313555583
082 ## - DEWEY DECIMAL CLASSIFICATION NUMBER
Classification number 658.1511 HOR
245 ## - TITLE STATEMENT
Title Cost Accounting: Managerial Emphasis.
300 ## - PHYSICAL DESCRIPTION
Extent 896p.
Other physical details Index
Dimensions 27cm.
700 ## - ADDED ENTRY--PERSONAL NAME
Other authors/Editors DATAR, S, FOSTER, G, RAJAN, M & ITTNER, C.
942 ## - ADDED ENTRY ELEMENTS (KOHA)
Source of classification or shelving scheme Dewey Decimal Classification
Koha item type Books
Holdings
Date last seen Total checkouts Full call number Barcode Cost, replacement price Price effective from Koha item type Lost status Source of classification or shelving scheme Damaged status Not for loan Withdrawn status Home library Current library Shelving location Date acquired Source of acquisition Cost, normal purchase price
06/28/2025   658.1511 HOR DOM00500 225000.00 06/28/2025 Books   Dewey Decimal Classification       CBE Dodoma CBE Dodoma General Collection 01/07/2012 Library budget 85000.00